000 01090nam a22002297a 4500
999 _c18312
_d18312
005 20251125232905.0
008 s2527 th tha d
040 _aNALT
041 _atha
100 0 _aสมพร พรหมหิตาธร
245 1 0 _aเชิงวิเคราะห์คำพิพากษาฎีกาและชี้ขาดความเห็นแย้งของอธิบดีกรมอัยการ (ความผิดเกี่ยวกับทรัพย์)
260 3 _aกรุงเทพฯ :
_bโรงพิมพ์รุ่งเรืองธรรม,
_c2527
300 _a269 หน้า ;
_b 26 ซม.
650 0 4 _aคดีอาญา
650 0 4 _aทรัพย์ -- ความผิดทางอาญา
700 0 _aสมพร พรหมหิตาธร
850 _aNALT
856 4 0 _uhttps://hdl.handle.net/20.500.14156/461591
_71
942 _cLB
_2lcc
998 _j25
_k นีลวัสน์ อินทรักษา
090 _aKS15 ส265ช 2527